Представление документа в формате RUSMARC

ПолеНазваниеЗначение
  Тип записи a
  Библиографический уровень a
001 Контрольный номер RU/CBS_UL/BASE/d615b0506e834dbf8a814b424b5b37ad
005 Дата корректировки 20240625152112.8
100 Данные общей обработки __
a Данные общей обработки 20230117 ||| 0rusy0189 ca
101 Язык документа 0_
a Язык текста rus
102 Страна публикации __
a Страна публикации RU
200 Заглавие и сведения об ответственности 1_
a Заглавие Толстые - защитники Отечества. Военные сюжеты из жизни Л.Н. Толстого и его семьи
e Сведения, относящиеся к заглавию [к 195-летию со дня рождения Л.Н. Толстого]
300 Общие примечания __
a Общие примечания 12+
461 Уровень набора _0
1 2000
a Честь Отечества
463 Уровень физической единицы _0
1 2000
a № 1-2
v С. 42-45
1 2101
d 2023
1 001RU/CBS_UL/BASE/5fed5a8a41ba45fca0b478ec9d35e151
600 Персоналии _1
a Персоналии (Фамилия) Толстой
b Персоналии (Имя, инициалы) Л. Н.
606 Тематические рубрики 0_
a Основная рубрика Толстой, Лев Николаевич (1828-1910) - Дворянский род Толстых
610 Ключевые слова 0_
a Ключевые слова род Толстых
610 Ключевые слова 0_
a Ключевые слова русские писатели
610 Ключевые слова 0_
a Ключевые слова великие писатели
610 Ключевые слова 0_
a Ключевые слова графы
610 Ключевые слова 0_
a Ключевые слова литературоведение
686 Индексы других классификаций __
a Классификационный индекс 83.3(2Рос=Рус)1
700 Автор _1
a Фамилия Гриценко
b Имя (инициалы) Е.
801 Источник записи _0
a Страна RU
b Организация МБУК ЦБС г. Ульяновска
c Дата составления 20230117
g Правила каталогизации RCR
801 Источник записи _1
a Страна RU
b Организация МБУК ЦБС г. Ульяновска
c Дата составления 20230117
g Правила каталогизации RCR
901 Тип документа __
t Тип документа b
w Контрольный № источника RU/CBS_UL/BASE/5fed5a8a41ba45fca0b478ec9d35e151